Word Ladder: SNL Cast Quiz Stats

Quiz Updated Sep 18, 2014

Challenge
Share
Tweet
The starred answers are almost all of the Saturday Night Live credited cast members - past and present, repertory and featured - with 4-letter last names, listed in chronological order by starting year.
Score 0/34 Timer 05:00
0 Plays Today
Clue Word % Correct
Basketball shot, slam ____DUNK
97.9%
Characteristic of (most) basketball playersTALL
94.1%
Dr. Bruce Banner's giant, green alter egoHULK
94.1%
Brad Pitt or George Clooney, e.g.HUNK
93.3%
Hourglass contentsSAND
91.3%
The main body of a shipHULL
91.2%
Chess piece starting at a cornerROOK
89.7%
★ Brad ____ (1982-84); Rich ____ (1984-85); or Anthony Michael ____ (1985-86) ★HALL
88.7%
Classic cartoon character, Betty ____BOOP
88.6%
Dumbledore's was made of elder woodWAND
86.9%
Phil Mickelson's sportGOLF
86.9%
Microsoft Office programWORD
86.6%
★ Chris ____ (1990-93) ★ROCK
85.3%
ConverseTALK
84%
Word following 'spice' or 'magazine'RACK
83.7%
Sloppy, sticky stuffGOOP
82.9%
Carrot or parsnip, e.g.ROOT
82.7%
Clue Word % Correct
Actress Sela or Actor FredWARD
82.1%
Stupid mistakeGOOF
82%
Piece of chicken often served spicyWING
81.9%
Pushpin or stud, e.g.TACK
81.4%
Shiraz or chablisWINE
77.6%
Possessing ones marblesSANE
76.9%
Decrease in vigor, power, or extentWANE
72.5%
Irrelevant or undecidable, and thus debatable only as an academic exerciseMOOT
63.2%
Rude, unmannerly personBOOR
62.4%
Klingon Starfleet officer played by Michael DornWORF
59.7%
★ Fred ____ (1995-96) ★WOLF
58.9%
Othello, the ____ of VeniceMOOR
57.2%
Classic Frank Herbert novelDUNE
55.6%
Nobel prize-winning physicist, Niels ____BOHR
52.8%
★ Kristen ____ (2005-2012) ★WIIG
49.1%
★ Jay ____ (1993-95) ★MOHR
48.5%
★ Robin ____ (1981-84) ★DUKE
20.3%

Today's Daily Dose

Word Ladder
Summertime

On This Day
June 23rd II

You're not logged in!

Compare scores with friends on all Sporcle quizzes.
Join for Free
OR
Log In

You Might Also Like...

Show Comments

Extras

Top Quizzes Today


Score Distribution

Your Account Isn't Verified!

In order to create a playlist on Sporcle, you need to verify the email address you used during registration. Go to your Sporcle Settings to finish the process.

Report this User

Report this user for behavior that violates our Community Guidelines.

Details: